Music Quiz

Random Music or Song Quiz
Score 0/32 Timer 05:00
12 Plays Today
% Correct
Call
96.5%
Wrecking
96.4%
Moves
95.8%
Gangnam
95.5%
Uptown
95.4%
Rolling
95.4%
No
95.3%
Lips
93.6%
Cheap
93.5%
Teenage
93%
Born
92.3%
See
92%
Wake
92%
Suit
91.5%
Thrift
91.4%
Blank
91.3%
% Correct
Uma
91%
Party
90.9%
Pumped
90.5%
Counting
89.9%
Only
89.6%
Work
89.5%
Talk
89.3%
Need
89.1%
Locked
89%
Shape
89%
This
88.3%
Shut
88.2%
Make
88.1%
Super
87.4%
Jar
86.4%
Hotline
84.5%
Remove Ads.
Support Sporcle.
Get the best of Sporcle when you Go Orange. This ad-free experience offers more features, more stats, and more fun while also helping to support Sporcle. Thank you for becoming a member.

You're not logged in!

Compare scores with friends on all Sporcle quizzes.
OR
Log In

Show Comments

Extras

Top Quizzes Today


Score Distribution

Your Account Isn't Verified!

In order to create a playlist on Sporcle, you need to verify the email address you used during registration. Go to your Sporcle Settings to finish the process.

Report this User

Report this user for behavior that violates our Community Guidelines.

Details: